[Event "POL-ch U16 Girls"]
[Site "Sypniewo"]
[Date "2022.03.26"]
[Round "8"]
[White "Kaznowska, Kinga"]
[Black "Wiecek, Karolina"]
[Result "1/2-1/2"]
[WhiteElo "1239"]
[BlackElo "1227"]
[PlyCount "102"]
[EventDate "2022.03.19"]
[EventType "swiss"]
[EventRounds "9"]
[EventCountry "POL"]
[SourceTitle "CBM 207 Extra"]
[Source "ChessBase"]
[SourceDate "2022.05.31"]
[SourceVersion "1"]
[SourceVersionDate "2022.05.31"]
[SourceQuality "1"]

1. e4 c6 2. d4 d5 3. exd5 cxd5 4. Bd3 Nc6 5. c3 Nf6 6. Bf4 Bg4 7. Nf3 e6 8. Nbd2 Bd6 9. Bg3 0-0 10. Qc2 a6 11. Bh4 h6 12. h3 Bxf3 13. Nxf3 e5 14. dxe5 Nxe5 15. Nxe5 Bxe5 16. 0-0 Qd6 17. Bxf6 Qxf6 18. Rad1 Rad8 19. Rfe1 Rfe8 20. Qe2 Re6 21. Qd2 Qe7 22. Re2 Re8 23. Rde1 Qd6 24. Kf1 Bf6 25. Rxe6 Rxe6 26. Rxe6 Qxe6 27. Qe3 Qxe3 28. fxe3 g6 29. Ke2 Kf8 30. Kd2 Ke7 31. Bc2 Kd6 32. Kd3 Be5 33. b4 b5 34. a4 f5 35. axb5 axb5 36. Bd1 h5 37. Bf3 Ke6 38. Be2 Kd6 39. Bf3 Ke6 40. Kd2 Kd6 41. Kc2 Kc6 42. g4 fxg4 43. hxg4 h4 44. e4 h3 45. exd5+ Kd6 46. Kd3 h2 47. c4 bxc4+ 48. Kxc4 Bf6 49. b5 Bd8 50. Kd4 g5 51. Bg2 Bc7 1/2-1/2

[Event "POL-ch U16 Girls"]
[Site "Sypniewo"]
[Date "2022.03.20"]
[Round "2"]
[White "Pudelko, Magdalena"]
[Black "Wiecek, Karolina"]
[Result "1-0"]
[WhiteElo "1407"]
[BlackElo "1227"]
[PlyCount "55"]
[EventDate "2022.03.19"]
[EventType "swiss"]
[EventRounds "9"]
[EventCountry "POL"]
[SourceTitle "CBM 207 Extra"]
[Source "ChessBase"]
[SourceDate "2022.05.31"]
[SourceVersion "1"]
[SourceVersionDate "2022.05.31"]
[SourceQuality "1"]

1. e4 e5 2. Nf3 Nf6 3. d4 exd4 4. e5 Nd5 5. Qxd4 Nb6 6. c4 Nc6 7. Qe4 Be7 8. Nc3 d6 9. exd6 Qxd6 10. Nb5 Qd8 11. Bf4 0-0 12. Bd3 Bb4+ 13. Kf1 f5 14. Qe2 Bd6 15. Bg5 Qd7 16. Rd1 Re8 17. Qc2 Nb4 18. Qb3 Kh8 19. Nxd6 Qxd6 20. Bxf5 Qc5 21. Bxc8 Raxc8 22. Rc1 Re4 23. Be3 Qe7 24. a3 Nc6 25. c5 Na8 26. Ng5 Rxe3 27. Qxe3 Qf6 28. Qh3 1-0

[Event "POL-ch U15 Qual"]
[Site "Jastrzebia Gora"]
[Date "2021.11.17"]
[Round "4"]
[White "Olszewska, Wiktoria"]
[Black "Wiecek, Karolina"]
[Result "1-0"]
[WhiteElo "1334"]
[BlackElo "1203"]
[PlyCount "47"]
[EventDate "2021.11.15"]
[EventType "swiss"]
[EventRounds "9"]
[EventCountry "POL"]
[SourceTitle "EXT 2023"]
[Source "ChessBase"]
[SourceDate "2022.10.05"]
[SourceVersion "1"]
[SourceVersionDate "2022.10.05"]
[SourceQuality "1"]

1. e4 c6 2. d4 d5 3. e5 Bf5 4. h4 e6 5. g4 Ne7 6. gxf5 Nxf5 7. Nf3 c5 8. Bd3 Ne7 9. dxc5 Nec6 10. Be3 Nd7 11. Bb5 Nxc5 12. Nd4 Qc7 13. Nc3 Be7 14. Qg4 g6 15. 0-0-0 0-0-0 16. Bxc6 bxc6 17. Qf4 Rhf8 18. Nf3 h5 19. Qd4 Qb7 20. Na4 Nxa4 21. Qxa4 a6 22. Nd4 Kc7 23. Rd3 Rc8 24. Nxc6 1-0

[Event "POL-chT U20 2nd League"]
[Site "Szczyrk"]
[Date "2017.07.27"]
[Round "8.30"]
[White "Wiecek, Karolina"]
[Black "Cieslak, Jessica"]
[Result "0-1"]
[WhiteElo "1223"]
[BlackElo "1333"]
[PlyCount "114"]
[EventDate "2017.07.22"]
[EventType "team-swiss"]
[EventRounds "11"]
[EventCountry "POL"]
[SourceTitle "EXT 2019"]
[Source "ChessBase"]
[SourceDate "2018.10.10"]
[SourceVersion "1"]
[SourceVersionDate "2018.10.10"]
[SourceQuality "1"]

1. d4 Nf6 2. Nf3 e6 3. c4 c5 4. Bg5 Nc6 5. e3 cxd4 6. exd4 Be7 7. Nc3 0-0 8. Be2 d5 9. 0-0 h6 10. Bh4 Ne4 11. Bxe7 Nxc3 12. bxc3 Nxe7 13. Qc2 Ng6 14. g3 b6 15. cxd5 Qxd5 16. c4 Qc6 17. Ne5 Nxe5 18. dxe5 Bb7 19. f3 Qc5+ 20. Kh1 Qxe5 21. Rae1 Qh5 22. Kg1 Qc5+ 23. Rf2 b5 24. Rc1 Rac8 25. Kg2 Ba6 26. Bd3 bxc4 27. Qc3 Qd6 28. Bf1 Rc5 29. Rd2 Qc6 30. Rdc2 Rc8 31. Qb4 Qb5 32. Qxb5 Bxb5 33. Rc3 a6 34. R1c2 f6 35. Kf2 e5 36. Bh3 R8c7 37. Be6+ Kf8 38. Bf5 Ke7 39. Bh7 Bd7 40. g4 Kf7 41. Be4 g6 42. Bd3 Be6 43. Rc1 Rc8 44. Be2 g5 45. R1c2 Kg6 46. Rc1 f5 47. gxf5+ Kxf5 48. Bf1 Kf4 49. Be2 Kf5 50. Bf1 Kf6 51. Be2 Ra5 52. Ra1 Rb8 53. Bxc4 Rc8 54. Rac1 Rac5 55. R3c2 Rxc4 56. Rxc4 Rxc4 57. Rxc4 Bxc4 0-1